header

The alternative minimum tax (Record no. 52717)

MARC details
000 -LEADER
fixed length control field 01474nam a22003494a 4500
082 04 - DEWEY DECIMAL CLASSIFICATION NUMBER
Classification number 336.24/2
100 1# - MAIN ENTRY--AUTHOR NAME
Personal name Peckron, Harold S.
245 14 - TITLE STATEMENT
Title The alternative minimum tax
250 ## - EDITION STATEMENT
Edition statement 1st ed.
260 ## - PUBLICATION, DISTRIBUTION, ETC. (IMPRINT)
Place of publication Naperville, Ill. :
Name of publisher Sphinx Pub.,
Year of publication 2005.
300 ## - PHYSICAL DESCRIPTION
Number of Pages xv, 191 p. :
Other physical details ill.
500 ## - GENERAL NOTE
General note Includes index.
505 0# - FORMATTED CONTENTS NOTE
Formatted contents note Introduction -- Basics of the AMT -- Common AMT adjustments -- Unlikely AMT adjustments -- Tax preference items -- Importance of the AMT credits -- AMT planning.
650 #0 - SUBJECT ADDED ENTRY--TOPICAL TERM
Topical Term Alternative minimum tax
Topical Term Income tax
Topical Term Tax planning
856 40 - ELECTRONIC LOCATION AND ACCESS
Uniform Resource Identifier http://site.ebrary.com/lib/rucke/Doc?id=10092052

No items available.

© 2026 Rongo University
Contact us: librarian | system librarian | Rongo university